La ruta de Hernán Cortés
Saved in:
| Hovedforfatter: | |
|---|---|
| Format: | Bog |
| Sprog: | spansk |
| Udgivet: |
Ciudad de México
Fondo de Cultura Económica
1950
|
| Fag: | |
| Tags: |
Tilføj Tag
Ingen Tags, Vær først til at tagge denne postø!
|
MARC
| LEADER | 00000nam a2200000 a 4500 | ||
|---|---|---|---|
| 001 | UCO0688 | ||
| 003 | CL-VaPUC | ||
| 008 | 000428e19500000MX |||||||||||||||||spa|d | ||
| 082 | 0 | 4 | |a 972.02 |b BEN |2 21 |
| 100 | |a Benítez, Fernando |e author |9 534517 | ||
| 245 | 1 | 3 | |a La ruta de Hernán Cortés |
| 300 | |a 257 p | ||
| 942 | |c BK | ||
| 945 | |d 20000428 00:00:00 |a crobeson | ||
| 260 | |a Ciudad de México |b Fondo de Cultura Económica |c 1950 | ||
| 600 | 0 | 7 | |a CORTES, HERNAN |2 CL-VaPUC |9 258554 |
| 650 | 7 | |a HISTORIA MEXICANA |2 CL-VaPUC |9 333909 | |
| 650 | 0 | |a Conquista |9 339504 | |
| 650 | 7 | |a DESCUBRIMIENTO DE AMERICA |2 CL-VaPUC |9 442097 | |
| 651 | 0 | |a México |9 255269 | |
| 583 | |a last modification |c 20000428 00:00:00 |k Rodrigo Vera | ||
| 999 | |c 287336 |d 287334 | ||
| 952 | |0 0 |1 0 |4 0 |6 972_020000000000000_BEN_1950 |7 0 |8 A |9 334161 |a BIBHIS |b BIBHIS |d 2019-11-20 |i 1271687 |o 972.02 BEN 1950 |p 1271687 |r 2025-01-20 |w 2019-11-20 |y BK |k HIS | ||